Gminy powiatu Radomszczańskiego - Statystyki

Ogólne statystyki
  • Ten quiz został rozwiązany 91 razy
  • Średni wynik to 9 z 14
Statystyki odpowiedzi
Rodzaj Nazwa % Poprawnych
Miejska Radomsko
95%
Wiejska Radomsko
95%
Miejsko-wiejska Przedbórz
84%
Miejsko-wiejska Kamieńsk
74%
Wiejska Gidle
61%
Wiejska Kodrąb
61%
Wiejska Gomunice
55%
Wiejska Kobiele Wielkie
53%
Wiejska Wielgomłyny
53%
Wiejska Dobryszyce
50%
Wiejska Ładzice
50%
Wiejska Lgota Wielka
50%
Wiejska Żytno
50%
Wiejska Masłowice
45%
Nie znaleziono quizów pasujących do podanych kryteriów
Rozkład punktacji
Procent ludzi z każdym wynikiem
Percentyl według liczby udzielonych odpowiedzi
Twoja historia wyników
Nie rozwiązałeś tego quizu